000 01338nam a22002657a 4500
005 20110615101418.0
008 110615t xxu||||| |||| 00| 0 mar d
010 _aMAR--20940
020 _c70.00
035 _aMR-13598
037 _bDBAD / PUB
040 _aDPL
_bMR
082 _a891.461
100 _aहडोळतीकर,शरद कांबळे
_928602
245 _aलोकप्रशासन /
_cशरद कांबळे हडोळतीकर तथा रेखा बने बावचकर
246 _aPublic Administration
_bby Sharad Kamble Hadoltikar and Rekha Bane Bawachkar
260 _aपरभणी
_bपवन प्रकाशन
_c2009
270 _a' तारांगण ',परताणी हॉस्पिटिल समोर,बसस्थानक परिसर
_bपरभणी
_e431401
300 _a104पृ.
_c21सेमी(अजिल्द)
650 _aमराठी कवितासंग्रह
_928609
650 _aMarathi Poetry
_928610
700 _aबावचकर,रेखा बने
_928611
942 _2ddc
_cMR
_h891.461
_mहडोळ
999 _c52919
_d52919